<?xml version="1.0" encoding="UTF-8"?>
<record
    xmlns:xsi="http://www.w3.org/2001/XMLSchema-instance"
    xsi:schemaLocation="http://www.loc.gov/MARC21/slim http://www.loc.gov/standards/marcxml/schema/MARC21slim.xsd"
    xmlns="http://www.loc.gov/MARC21/slim">

  <leader>00777nam a2200241 a 4500</leader>
  <controlfield tag="001">82034)</controlfield>
  <controlfield tag="003">BD-RjUL</controlfield>
  <controlfield tag="005">20231003120318.0</controlfield>
  <controlfield tag="008">230903s1980    ii            000 0 urd d</controlfield>
  <datafield tag="035" ind1=" " ind2=" ">
    <subfield code="a">(BD-RjUL)82034)</subfield>
  </datafield>
  <datafield tag="040" ind1=" " ind2=" ">
    <subfield code="a">HUJI</subfield>
    <subfield code="b">eng</subfield>
    <subfield code="c">BD-RjUL</subfield>
  </datafield>
  <datafield tag="041" ind1="0" ind2=" ">
    <subfield code="a">urd</subfield>
  </datafield>
  <datafield tag="082" ind1=" " ind2=" ">
    <subfield code="2">23</subfield>
    <subfield code="a">891.7309</subfield>
    <subfield code="b">ANF 1980</subfield>
  </datafield>
  <datafield tag="100" ind1="1" ind2=" ">
    <subfield code="a">Conradi, Peter J.,</subfield>
    <subfield code="d">1945-</subfield>
    <subfield code="9">9331</subfield>
  </datafield>
  <datafield tag="245" ind1="1" ind2="0">
    <subfield code="a">&#x641;&#x64A;&#x648;&#x62F;&#x648;&#x631; &#x62F;&#x648;&#x633;&#x62A;&#x648;&#x64A;&#x641;&#x633;&#x643;&#x64A;   ;;  Fyodor Dostoevsky /</subfield>
    <subfield code="c">&#x638;. &#x627;&#x646;&#x635;&#x627;&#x631;&#x64A; ;; Zoe Ansari</subfield>
  </datafield>
  <datafield tag="260" ind1=" " ind2=" ">
    <subfield code="a">NewDelhi :</subfield>
    <subfield code="b">Taraqi urdu Buwro,</subfield>
    <subfield code="c">1980.</subfield>
  </datafield>
  <datafield tag="300" ind1=" " ind2=" ">
    <subfield code="a">184 pages ;</subfield>
    <subfield code="c">23 cm.</subfield>
  </datafield>
  <datafield tag="490" ind1="1" ind2=" ">
    <subfield code="a">Modern novelists</subfield>
  </datafield>
  <datafield tag="600" ind1="1" ind2="4">
    <subfield code="a">Dostoyevsky, Fyodor,</subfield>
    <subfield code="d">1821-1881</subfield>
    <subfield code="x">Criticism and interpretation</subfield>
    <subfield code="9">9332</subfield>
  </datafield>
  <datafield tag="600" ind1="1" ind2="4">
    <subfield code="a">Dostoyevsky, Fyodor,</subfield>
    <subfield code="d">1821-1881</subfield>
  </datafield>
  <datafield tag="830" ind1=" " ind2="0">
    <subfield code="a">Modern novelists.</subfield>
    <subfield code="9">9334</subfield>
  </datafield>
  <datafield tag="942" ind1=" " ind2=" ">
    <subfield code="2">ddc</subfield>
    <subfield code="c">BK</subfield>
  </datafield>
  <datafield tag="999" ind1=" " ind2=" ">
    <subfield code="c">82034</subfield>
    <subfield code="d">82034</subfield>
  </datafield>
  <datafield tag="952" ind1=" " ind2=" ">
    <subfield code="0">0</subfield>
    <subfield code="1">0</subfield>
    <subfield code="2">ddc</subfield>
    <subfield code="4">0</subfield>
    <subfield code="7">1</subfield>
    <subfield code="8">NFIC</subfield>
    <subfield code="a">RUCL</subfield>
    <subfield code="b">RUCL</subfield>
    <subfield code="c">Reading</subfield>
    <subfield code="d">2023-10-03</subfield>
    <subfield code="g">8.50</subfield>
    <subfield code="l">0</subfield>
    <subfield code="o">U 891.7309 ANF 1980</subfield>
    <subfield code="r">2023-10-03 00:00:00</subfield>
    <subfield code="t">C-1</subfield>
    <subfield code="w">2023-10-03</subfield>
    <subfield code="y">BK</subfield>
  </datafield>
</record>
